[Event "Vladivostok op"]
[Site "Vladivostok"]
[Date "2009.06.??"]
[Round "7"]
[White "Babich, Marina"]
[Black "Legenko, Sergey"]
[Result "1-0"]
[WhiteElo "2035"]
[BlackElo "2072"]
[PlyCount "69"]
[EventDate "2009.06.??"]
[EventType "swiss"]
[EventRounds "9"]
[EventCountry "RUS"]
[SourceTitle "EXT 2012"]
[Source "ChessBase"]
[SourceDate "2011.11.24"]
[SourceVersion "1"]
[SourceVersionDate "2011.11.24"]
[SourceQuality "1"]

1. d4 d5 2. c4 e6 3. Nc3 Nf6 4. Bg5 Be7 5. e3 c6 6. Nf3 0-0 7. Bd3 dxc4 8. Bxc4 b5 9. Bd3 Bb7 10. 0-0 Nbd7 11. a3 a5 12. Qc2 h6 13. Bxf6 Nxf6 14. Ne4 Qd5 15. Nxf6+ Bxf6 16. Be4 Qh5 17. Nd2 e5 18. Qc5 Qe2 19. Rad1 exd4 20. Qf5 Rfe8 21. Rfe1 g6 22. Qxf6 Qh5 23. exd4 Re6 24. Qf3 Qg5 25. Qe3 Qh5 26. Qh3 Qxh3 27. gxh3 Rae8 28. Kf1 b4 29. Bd3 Rd8 30. Rxe6 fxe6 31. Nb3 c5 32. Nxc5 Bf3 33. Be2 Bxe2+ 34. Kxe2 bxa3 35. bxa3 1-0

[Event "Vladivostok Cup op"]
[Site "Vladivostok"]
[Date "2009.03.27"]
[Round "7"]
[White "Rastorotskiy, Mikhail"]
[Black "Babich, Marina"]
[Result "0-1"]
[WhiteElo "2017"]
[BlackElo "2035"]
[PlyCount "104"]
[EventDate "2009.03.21"]
[EventType "swiss"]
[EventRounds "7"]
[EventCountry "RUS"]
[SourceTitle "EXT 2012"]
[Source "ChessBase"]
[SourceDate "2011.11.24"]
[SourceVersion "1"]
[SourceVersionDate "2011.11.24"]
[SourceQuality "1"]

1. c4 e6 2. d4 d5 3. Nc3 Be7 4. Nf3 Nf6 5. Bf4 c6 6. e3 0-0 7. Bd3 Nh5 8. Bg3 Nxg3 9. hxg3 h6 10. Rc1 Nd7 11. cxd5 exd5 12. Bb1 f5 13. Nh4 Bxh4 14. Rxh4 Nf6 15. f3 Qd6 16. Kf2 g5 17. Rh1 Kg7 18. Qc2 Bd7 19. Ne2 Be8 20. Qb3 Qd7 21. g4 fxg4 22. Ng3 Ne4+ 23. Nxe4 dxe4 24. Bxe4 gxf3 25. gxf3 Bg6 26. Bxg6 Kxg6 27. Qb4 Qf5 28. Qd6+ Rf6 29. Qg3 Raf8 30. f4 Kh7 31. Rhg1 Rg6 32. Rc5 Qd3 33. Re5 Qc2+ 34. Kf3 g4+ 35. Qxg4 Rxg4 36. Rxg4 Qd1+ 37. Kg3 Rf7 38. Re8 Qg1+ 39. Kf3 Qh1+ 40. Kf2 Qh2+ 41. Rg2 Qh4+ 42. Ke2 Rxf4 43. Reg8 Rf2+ 44. Rxf2 Kxg8 45. Kf3 Qh3+ 46. Ke2 h5 47. Rf3 Qg4 48. Kf2 Kh7 49. Rf7+ Kg6 50. Rxb7 h4 51. Rb8 Qg3+ 52. Ke2 Qxb8 0-1

[Event "Vladivostok Cup op"]
[Site "Vladivostok"]
[Date "2009.03.24"]
[Round "4"]
[White "Babich, Marina"]
[Black "Vardanian, Tatevik"]
[Result "0-1"]
[WhiteElo "2035"]
[BlackElo "1806"]
[PlyCount "56"]
[EventDate "2009.03.21"]
[EventType "swiss"]
[EventRounds "7"]
[EventCountry "RUS"]
[SourceTitle "EXT 2012"]
[Source "ChessBase"]
[SourceDate "2011.11.24"]
[SourceVersion "1"]
[SourceVersionDate "2011.11.24"]
[SourceQuality "1"]

1. e4 c5 2. Nf3 Nc6 3. d4 cxd4 4. Nxd4 g6 5. Nc3 Bg7 6. Be3 Nf6 7. h3 Qa5 8. Qd2 Nxe4 9. Nxe4 Qxd2+ 10. Bxd2 Nxd4 11. 0-0-0 d6 12. c3 Nc6 13. Bc4 Bf5 14. Rhe1 0-0 15. g4 Bd7 16. a3 Ne5 17. Be2 Ba4 18. f4 Nc6 19. Bf3 Bxd1 20. Kxd1 Na5 21. Ng3 e6 22. Kc2 Nc4 23. Bc1 Rab8 24. b3 Nb6 25. a4 Rfc8 26. Ne2 d5 27. Ba3 d4 28. Bd6 d3+ 0-1

[Event "Vladivostok Cup op"]
[Site "Vladivostok"]
[Date "2009.03.23"]
[Round "3"]
[White "Ibraev, Valeriy"]
[Black "Babich, Marina"]
[Result "1-0"]
[WhiteElo "1720"]
[BlackElo "2035"]
[PlyCount "55"]
[EventDate "2009.03.21"]
[EventType "swiss"]
[EventRounds "7"]
[EventCountry "RUS"]
[SourceTitle "EXT 2012"]
[Source "ChessBase"]
[SourceDate "2011.11.24"]
[SourceVersion "1"]
[SourceVersionDate "2011.11.24"]
[SourceQuality "1"]

1. d4 Nf6 2. c4 g6 3. Nc3 Bg7 4. e4 d6 5. f4 0-0 6. Nf3 Nbd7 7. Bd3 c5 8. d5 a6 9. 0-0 Ne8 10. f5 Ne5 11. Nxe5 Bxe5 12. Bh6 Ng7 13. Qd2 f6 14. Rf3 Rf7 15. Raf1 Bd7 16. Ne2 b5 17. b3 Rb8 18. Nf4 g5 19. Ne6 Bxe6 20. fxe6 Rf8 21. Bxg5 bxc4 22. Bxc4 Qb6 23. Bh6 Qb4 24. Qc1 a5 25. Bxg7 Kxg7 26. Rh3 Rh8 27. Qh6+ Kg8 28. Rh4 1-0